| 000 | 01639cam a22003737a 4500 | ||
|---|---|---|---|
| 001 | 15026988 | ||
| 005 | 20080311111535.0 | ||
| 008 | 070928s2008 nyua b 001 0 eng | ||
| 010 | _a 2007938446 | ||
| 015 |
_aGBA729152 _2bnb |
||
| 016 | 7 |
_a013716247 _2Uk |
|
| 020 | _a9781846283796 (hbk.) | ||
| 020 | _a9783540309413 (E- ISBN) | ||
| 035 | _a(OCoLC)ocn123375481 | ||
| 040 |
_aUKM _cUKM _dBTCTA _dBAKER _dYDXCP _dDLC |
||
| 042 | _alccopycat | ||
| 050 | 0 | 0 |
_aTA1637 _b.B885 2008 |
| 082 | 0 | 0 |
_a621.367 _222 _bBUR |
| 100 | 1 |
_aBurger, Wilhelm. _95833 |
|
| 245 | 1 | 0 |
_aDigital image processing : _bAn algorithmic introduction using Java / _cWilhelm Burger, Mark James Burge. |
| 260 |
_aNew York : _bSpringer, _cc2008. |
||
| 300 |
_axx, 564 p. : _bill. (some col.) ; _c27 cm. |
||
| 440 | 0 |
_aTexts in computer science _95834 |
|
| 504 | _aIncludes bibliographical references and index. | ||
| 650 | 0 |
_aImage processing _xDigital techniques. _95835 |
|
| 650 | 0 |
_aJava (Computer program language) _95836 |
|
| 700 | 1 |
_aBurge, Mark James _95837 |
|
| 856 | 4 | 2 |
_3Publisher description _uhttp://www.loc.gov/catdir/enhancements/fy0824/2007938446-d.html |
| 856 | 4 | 1 |
_3Table of contents only _uhttp://www.loc.gov/catdir/enhancements/fy0824/2007938446-t.html |
| 942 |
_2ddc _cBB |
||
| 999 |
_c11748 _d11748 |
||